01671nam a2200301 a 450000100100000000500170001000800410002704000250006808200210009310000330011424500880014726000730023530000310030850000370033959000260037665100470040265000590044965000570050865100730056565100580063865000320069695201340072895201340086295201340099695201080113095201140123899900170135200002188820200930011505.0100914s1974 dr ac 000 0bspa d aDO-SdBNPbspacBNPHU a920.07293bF825p1 aFranco, José Ulises93822210aPerfiles y cosas dominicanas :b(obra amena e instructiva) /cJosé Ulises Franco. aSantiago de los Caballeros, República Dominicana :b[s.n.],c1974. av. :bil., retr. ;c24 cm. aLa biblioteca posee el volumen 1 aInventariado, 2020/VM 4aRepública DominicanavBIOGRAFÍAS91083 4aMonumentos históricoszRepública Dominicana926163 4aMonumentos religiososzRepública Dominicana945438 4aRepública DominicanaxAnécdotas, Chistes, Sátiras, Etc.922185 4aRepública DominicanaxVida Social Y Costumbres9405 4aLeyendas dominicanas918869 00102ddc54708PDaBNPHUbBNPHUcHDd2010-09-14iLF1l0ov. 1, e. 3p21888-30r2020-06-25w2020-06-25yLFPDZPréstamo en sala 00102ddc54708PDaBNPHUbBNPHUcHDd2010-09-14iLF1l0ov. 1, e. 4p21888-40r2020-06-25w2020-06-25yLFPDZPréstamo en sala 00102ddc54708PDaBNPHUbBNPHUcHDd2010-09-14iLF1l0ov. 1, e. 5p21888-50r2020-06-25w2020-06-25yLFPDZPréstamo en sala 0010718PDaPDbPDcHDd2010-09-14iLF1l0ov. 1p21888-10r2020-06-25w2020-06-25yLFPDZNo se presta 0010718PDaPDbPDcHDd2010-09-14iLF1l0ov. 1, e. 2p21888-20r2020-06-25w2020-06-25yLFPDZNo se presta c21386d21386